Historia de la Provincia de San Vicente de Chiapa y Guatemala de la Orden de Predicadores : tomo I /

Αποθηκεύτηκε σε:
Λεπτομέρειες βιβλιογραφικής εγγραφής
Κύριος συγγραφέας: Ximénez, Francisco (autor)
Άλλοι συγγραφείς: Villacorta C., J. Antonio (prólogo) (prólogo)
Μορφή: Βιβλίο
Γλώσσα:Ισπανικά
Έκδοση: Guatemala, Guatemala : Sociedad de Geografía y Estadística de Guatemala, 1929
Ετικέτες: Προσθήκη ετικέτας
Δεν υπάρχουν, Καταχωρήστε ετικέτα πρώτοι!

MARC

LEADER 00000nam^a2200000^a^4500
001 000456179
005 20250526000000.0
009 20260310124013.099
037 |a Acervo Xavier Clavigero 
041 |a ESP 
091 |a FCA. 05679 
100 |a Ximénez, Francisco  |e (autor) 
245 1 0 |a Historia de la Provincia de San Vicente de Chiapa y Guatemala de la Orden de Predicadores :  |b tomo I / 
264 1 |a Guatemala, Guatemala :  |b Sociedad de Geografía y Estadística de Guatemala,  |c 1929 
300 |a XVI, 518 p. ;  |c 27.5 cm. 
336 |a texto  |b txt  |2 rdacontenido 
337 |a sin mediación  |b n  |2 rdamedio 
338 |a volumen  |b nc  |2 rdasoporte 
649 |a XX 
700 |a Villacorta C., J. Antonio  |e (prólogo) 
910 |a Fondo Xavier Cacho Vázquez S.J. 
920 |a Impresos - Libros 
930 |a Libros Antiguos y Raros 
905 |a 108 
901 |a 0500376940  |b IT2  |c LRA  |i D  |u 20250526 
902 |a https://opac.biblio.iteso.mx/vufind/Record/000456179